00714 2200325 4500001002100000005001500021035002000036245003200056100001400088300002800102260003400130082000800164084001400172020002200186990001200208990001200220990001200232990001200244990001200256990001200268990001200280990001200292990001200304990001200316990001200328990001200340990001200352990001200364990001200376INLIS00000000000292520250911031623 a0010-09250002721 aIPS Geografi X /cSugiyanto0 aSugiyanto a174 hlm ;c20 x 25,5 cm aSolo :bTiga Serangkai,c2024 a900 a900 SUG i a978-623-199-620-6 a0755118 a0755119 a0755120 a0755121 a0755122 a0755123 a0755124 a0755125 a0755126 a0755127 a0755128 a0755129 a0755130 a0755131 a0755132